[Event "Regionalliga SW 0506"]
[Site "Bayern"]
[Date "2006.03.12"]
[Round "8.7"]
[White "Gebauer, Rudolf"]
[Black "Haas, Peter"]
[Result "0-1"]
[WhiteElo "1996"]
[BlackElo "1997"]
[PlyCount "52"]
[EventDate "2005.10.23"]
[EventType "team-tourn"]
[EventRounds "9"]
[EventCountry "GER"]
[SourceTitle "EXT 2007"]
[Source "ChessBase"]
[SourceDate "2006.11.23"]
[SourceVersion "1"]
[SourceVersionDate "2006.11.23"]
[SourceQuality "1"]

1. d4 d5 2. c4 Nc6 3. Nc3 dxc4 4. d5 Ne5 5. e4 c6 6. Bf4 Ng6 7. Bg3 e5 8. Bxc4 Nf6 9. Qa4 b5 10. Nxb5 cxb5 11. Bxb5+ Bd7 12. Nf3 Rb8 13. Bxd7+ Qxd7 14. Qxd7+ Nxd7 15. 0-0-0 Bd6 16. Ne1 0-0 17. Nd3 Nc5 18. Rhe1 Na4 19. Re2 Rfc8+ 20. Rc2 Kf8 21. f3 a6 22. Bf2 Ke7 23. g3 Kd7 24. Be3 Nxb2 25. Nxb2 Ba3 26. Rxc8 Bxb2+ 0-1

[Event "Regionalliga SW 0506"]
[Site "Bayern"]
[Date "2006.02.19"]
[Round "7.5"]
[White "Herb, Stefan"]
[Black "Gebauer, Rudolf"]
[Result "1-0"]
[WhiteElo "2021"]
[BlackElo "1996"]
[PlyCount "107"]
[EventDate "2005.10.23"]
[EventType "team-tourn"]
[EventRounds "9"]
[EventCountry "GER"]
[SourceTitle "EXT 2007"]
[Source "ChessBase"]
[SourceDate "2006.11.23"]
[SourceVersion "1"]
[SourceVersionDate "2006.11.23"]
[SourceQuality "1"]

1. e4 e5 2. Nf3 Nc6 3. Bb5 a6 4. Ba4 Nf6 5. 0-0 Be7 6. Re1 b5 7. Bb3 d6 8. c3 Na5 9. Bc2 c5 10. d4 Qc7 11. h3 0-0 12. Nbd2 Re8 13. Nf1 h6 14. Ng3 Bf8 15. d5 c4 16. Be3 g6 17. Nh2 Bg7 18. Ng4 Nxg4 19. hxg4 Nb7 20. f3 Nd8 21. Qd2 Kh7 22. Kf2 f6 23. Rh1 Nf7 24. Rh2 Qe7 25. Rah1 g5 26. Nh5 Bf8 27. a4 Bd7 28. Ra1 Reb8 29. axb5 axb5 30. Rhh1 Qd8 31. Ng3 Rxa1 32. Rxa1 Ra8 33. Qe1 Qc8 34. Qh1 Ra6 35. Qh5 Nh8 36. Rh1 Qe8 37. Qh2 Nf7 38. Nh5 Be7 39. Ke2 Ra2 40. Bc1 b4 41. Bb1 Ra1 42. Bd2 bxc3 43. Bxc3 Qb8 44. Qg1 Ba4 45. Kd2 Bb3 46. Qh2 Qa7 47. g3 Ba2 48. Bxa2 Qxa2 49. f4 gxf4 50. gxf4 Rxh1 51. Qxh1 Qa7 52. Qf1 Qd7 53. fxe5 Ng5 54. e6 1-0